| 000 | 00335cam a22001217a 4500 | ||
|---|---|---|---|
| 008 | 180718b1986 xxu||||| |||| 00| 0 eng d | ||
| 082 | _aZ09x54 Sa19 | ||
| 100 | _aSahasrabudhey, S. | ||
| 245 |
_aThe peasant movement today _cby S. Sahasrabudhey |
||
| 260 |
_aDelhi _bAshish _c1986 |
||
| 300 | _a224p. | ||
| 650 | _aPeasant uprisings - India | ||
| 999 |
_c353452 _d353452 |
||